| 000 | 00412 a2200157 4500 | ||
|---|---|---|---|
| 001 | 165716 | ||
| 020 | _a | ||
| 040 | _cMagnum | ||
| 100 | _aCondemarin, Mabel | ||
| 240 | 1 | 0 |
_aOficina de linguagem: modulos para desenvolver a linguagem oral e... _lpor |
| 245 | 1 | 0 | _aOficina de linguagem: modulos para desenvolver a linguagem oral e... |
| 362 | 0 | _a1899 | |
| 440 | 1 | _aModerna | |
| 697 | _aGERAL | ||
| 942 | _cBK | ||
| 999 |
_c165716 _d165716 |
||